000 00586nam a2200205Ia 4500
003 GCL
005 20240530105444.0
008 140319s9999 xx 000 0 ara d
040 _aGCL /
_cGCL
082 0 4 _a348.023\
_bع ا
100 1 _aعمرو فؤاد بركات
245 1 0 _aاصدار القوانين : دراسة مقارنة /
_cعمرو فؤاد بركات
260 _a[S.N] :
_bالمؤلف ،
_c1989
300 _a126 ص
650 0 4 _aالقانون
650 0 4 _aمصر
650 0 4 _aفرنسا
650 0 4 _aالقانون الدستورى
942 _2ddc
_cBK
999 _c56212
_d56212